000 00241nam a22000857a 4500
008 161124b xxu||||| |||| 00| 0 eng d
100 _91382
_aCBSE
245 _aOrganising school library - guidlines
260 _aNew delhi
_bNatioanal book trust
_c2006
999 _c4098
_d4098